00347nam a2200145Ia 45000030006000000080041000060400015000471000019000622450028000812500006001092600049001153000006001645460014001700050017001840STCL150530s9999 xx 000 0 und d aSTCLcSTCL aBalakrishnan K aNiramillatha Maarivillu a1 bNational Bookstall; Kottayamc1965aKottayam a0 aMalayalam20220125171619.0